000 00736nam a2200253Ia 4500
003 OSt
005 20220918164732.0
006 a|||||r|||| 00| 0
007 ta
008 220917b |||||||| |||| 00| 0 eng d
020 _a0745007538 (pbk)
024 _a29,092
037 _cTextual
040 _aARTS
_cARTS
_beng
041 _2eng
_aeng
082 _aO111,3(Y15):g, N1
100 _aJump Harriet Devine ed
_920388
245 0 _aDiverse voice
_b essays on twentieth century women writers in english
260 _aLondon
_bharvester UK
_c1991
300 _axiii,278p.
_ccm.
650 _aENGLISH LITERATURE
942 _hO111,3(Y15):g, N1
_cTEXL
_2CC
999 _c126270
_d126270